Applications de la teledetection a l'agriculture : seminaire, Paris 5-6 et 7 Decembre 1983
Saved in:
| Corporate Author: | |
|---|---|
| Format: | Book |
| Language: | French |
| Published: |
Paris :
Institut National de la Recherche Agronomique,
1985
|
| Series: | Agrometeorologie ;
; 32 |
| Subjects: | |
| Tags: |
Add Tag
No Tags, Be the first to tag this record!
|
MARC
| LEADER | 00000cam a2200000 i 4500 | ||
|---|---|---|---|
| 001 | 1/17149 | ||
| 008 | 980828s1985 fre d | ||
| 020 | |a 2-85340-659-8 | ||
| 035 | |l 10020452 | ||
| 040 | |a GR-MY-UA |b gre |e aacr | ||
| 041 | 0 | |a fre | |
| 082 | 0 | |a 630.2515 | |
| 245 | 0 | 0 | |a Applications de la teledetection a l'agriculture : |b seminaire, Paris 5-6 et 7 Decembre 1983 / |c Commission d'Agrometeorologie de L'INRA et Groupe de Travail |
| 260 | |a Paris : |b Institut National de la Recherche Agronomique, |c 1985 | ||
| 300 | |a 257 p. |b Fig. | ||
| 490 | 1 | |a Agrometeorologie |v ; 32 | |
| 650 | 0 | 0 | |a Meteorology, Agricultural |x Congresses. |
| 710 | 2 | |a Institut national de la recherche agronomique (France). |b Commission Agrométéorologie. | |
| 830 | 0 | |a Agrometeorologie ; |v ; 32 | |
| 852 | |a INST |b LESVOS |e 19980828 |h 630.2515 COM |p 005100016699 |q 005100016699 |t BK |y 0 | ||
| 922 | |a 1ΕΛΗ |b 199808 |c ΚΠΣ/107 |d ΠΑΠΑΣΩΤΗΡΙΟΥ | ||
| 950 | |a 107-1998-05-26 | ||
| 970 | |z 2000/06/ΟΙΚΟΝΟΜΟΠΟΥΛΟΥ ΧΡΙΣΤΙΝΑ | ||